| 000 | 00620nam a2200181Ia 4500 | ||
|---|---|---|---|
| 008 | 090124s9999 xx 000 0 und d | ||
| 082 | _b11408 | ||
| 100 | _aदेशमुख चिंतामण व्दारकानाथ | ||
| 245 | _a मेघदूत | ||
| 250 | _a2 | ||
| 260 |
_bसरिता प्रकाशन _c1974 |
||
| 300 | _a95 | ||
| 600 | _aदेशमुख चिंतामण व्दारकानाथ | ||
| 630 | _a मेघदूत | ||
| 700 | _aदेशमुख चिंतामण व्दारकानाथ | ||
| 730 | _a मेघदूत | ||
| 942 | _cBOOK | ||
| 999 |
_c87094 _d87094 |
||